| 000 | 00000nam 2200000zi 4500 |
| 001 | 9.908990 |
| 003 | CaOODSP |
| 005 | 20221202105613 |
| 006 | m o d f |
| 007 | cr cn||||||||| |
| 008 | 220310t20212021onca o f000 0 eng d |
| 020 | |a9780660425078 |
| 040 | |aCaOODSP|beng|erda|cCaOODSP |
| 043 | |an-cn--- |
| 086 | 1 |aBT39-65/2022E-PDF |
| 245 | 00|aDesign standard for the Federal Identity Program. |
| 264 | 1|aOttawa, Ontario : |bTreasury Board of Canada Secretariat = Secrétariat du Conseil du trésor du Canada, |c2021. |
| 264 | 4|c©2021 |
| 300 | |a1 online resource (143 pages) : |billustrations |
| 336 | |atext|btxt|2rdacontent |
| 337 | |acomputer|bc|2rdamedia |
| 338 | |aonline resource|bcr|2rdacarrier |
| 500 | |aCover title. |
| 500 | |a"Published: 2021-09-19." |
| 500 | |aIssued also in HTML format. |
| 500 | |aIssued also in French under title: Norme graphique du Programme fédéral de l'image de marque. |
| 520 | |a"This standard explains how to apply the official symbols of the Government of Canada in all media, platforms, products, material, equipment and real property in Canada and abroad"--Page 1. |
| 650 | 0|aNational characteristics, Canadian|xStandards. |
| 650 | 0|aSigns and symbols|xStandards|zCanada. |
| 710 | 1 |aCanada. |bTreasury Board, |eissuing body. |
| 775 | 08|tNorme graphique du Programme fédéral de l'image de marque.|w(CaOODSP)9.908994 |
| 856 | 40|qPDF|s2.72 MB|uhttps://publications.gc.ca/collections/collection_2022/sct-tbs/BT39-65-2022-eng.pdf |
| 856 | 4 |qHTML|sN/A|uhttps://www.canada.ca/en/treasury-board-secretariat/services/government-communications/design-standard.html |